| 000 | 01651nam a2200481 i 4500 | ||
|---|---|---|---|
| 001 | 43234 | ||
| 003 | KOSZ 005 | ||
| 005 | 20240405063142.0 | ||
| 008 | 021015s2002 pl a |000 0 pol | ||
| 015 | _aUWD 2002/16737 | ||
| 020 | _a8391432319 | ||
| 035 | _a991019564379705066 | ||
| 035 | _a(PL-WaBN)b1530260x-48omnis_nlop | ||
| 035 | _ab1530260x | ||
| 035 | _a(OCoLC)830370681 | ||
| 035 | _a(PL)b0000001530260 | ||
| 035 | _a(EXLNZ-48OMNIS_NETWORK)9910069637905606 | ||
| 040 |
_aWA N _cWA N _dKOSZ 005/HR |
||
| 041 | 0 | _apol | |
| 046 | _k2002 | ||
| 080 | _a628.1/.3(438)"19" | ||
| 245 | 0 | 0 |
_aWodociągi i kanalizacja w Polsce : _btradycja i współczesność / _cred. Zbysław Dymaczewski, Marek M. Sozański ; [aut. Henryk Bylka et al.]. |
| 260 |
_aPoznań ; _aBydgoszcz : _bPolska Fundacja Ochrony Zasobów Wodnych, _c2002. |
||
| 300 |
_a1163 s. : _bil. kolor., mapy ; _c25 cm. |
||
| 336 |
_aTekst _btxt _2rdacontent |
||
| 337 |
_aBez urządzenia pośredniczącego _bn _2rdamedia |
||
| 338 |
_aWolumin _bnc _2rdacarrier |
||
| 380 | _aKsiążki | ||
| 388 | _a2001- | ||
| 504 | _aBibliogr. | ||
| 648 | 7 |
_a1901-2000 _2DBN |
|
| 650 | 7 |
_aKanalizacja _2DBN |
|
| 650 | 7 |
_aWodociąg _2DBN |
|
| 651 | _aPolska | ||
| 658 | _aArchitektura i budownictwo | ||
| 658 | _aInżynieria i technika | ||
| 700 | 1 |
_aBylka, Henryk _eAutor |
|
| 700 | 1 |
_aSozański, Marek M. _d(1942- ) _eRedakcja |
|
| 700 | 1 |
_aDymaczewski, Zbysław _eRedakcja |
|
| 856 |
_uhttp://koha.tu.koszalin.pl/cgi-bin/koha/opac-detail.pl?biblionumber=43234 _yKatalog online BPK |
||
| 942 |
_2UKD _cKS |
||
| 999 |
_c43234 _d43234 |
||